00401nam a2200145Ia 450000500170000000800410001702000150005808200130007310000190008624500550010525000080016026000430016830000120021150000320022320250303051106.0240331s9999 xx 000 0 und d a9552101603 bSENa954 aSeneviratne, M 0aStories retold for children :bfrom the Mahavamsa a3rd aColombobM.D.Gunasena & Co., Ltdc1990 a61 p ., aJungle of Ancient Sri Lanka